La oportunidad de Augusto Matraga

Збережено в:
Бібліографічні деталі
Автор: Rosa, Joao Guimaraes (Автор)
Формат: Книга
Мова:Іспанська
Опубліковано: Buenos Aires Galerna 1970
Редагування:1a. ed
Предмети:
Теги: Додати тег
Немає тегів, Будьте першим, хто поставить тег для цього запису!

MARC

LEADER 00000cam a2200000 a 4500
001 UCI1292
003 CL-VaPUC
008 070622e19700000AG |||||||||||||||||spa|d
082 0 4 |a 398  |b GUI  |2 21 
100 |a Rosa, Joao Guimaraes  |e author  |9 601592 
245 1 3 |a La oportunidad de Augusto Matraga 
250 |a 1a. ed 
300 |a 93 p 
942 |c BK 
945 |d 20070622 00:00:00  |a castudil 
260 |a Buenos Aires  |b Galerna  |c 1970 
650 0 |a Literatura brasileña  |9 269433 
650 0 |a Proverbios   |9 269154 
651 7 |a MINAS GERAIS  |2 CL-VaPUC  |9 268804 
583 |a last modification  |c 20140710 08:54:36  |k Rodrigo Vera 
999 |c 326127  |d 326125 
952 |0 0  |1 0  |4 0  |6 398_000000000000000_GUI_1970  |7 0  |8 X  |9 407862  |a FDOMLP  |b FDOMLP  |d 2019-11-22  |i 430649K  |o 398 GUI 1970  |p 430649K  |r 2019-11-22  |w 2019-11-22  |y BK_X  |k BU2 
952 |0 0  |1 0  |3 erb  |4 0  |6 398_000000000000000_GUI_1970  |7 0  |8 P  |9 407863  |a BIBEDU  |b BIBEDU  |c BIBEDU_PB  |i 5009685  |o 398 GUI 1970  |p 5009685  |r 2024-01-25  |w 2019-11-22  |y BK  |z Catalogado en:20140710  |k LIT